Les pays contenant beaucoup de sunnites (entre 80 % et 90 %) - Statistiques

Statistiques générales
  • Ce quiz a été pris 47 fois
  • Le résultat moyen est 3 sur 8
Statistiques - réponses
Hint Réponse % Correct
83,04 % Arabie Saoudite
80%
84,05 % Égypte
51%
81,58 % Afghanistan
39%
83,27 % Sénégal
34%
82,69 % Bangladesh
32%
87,65 % Niger
27%
84,71 % Turkménistan
20%
84,53 % Gambie
7%
Aucun quiz correspondant
Distribution des résultats
% des personnes avec chaque résultat
Percentile par nombre de réponses
Votre historique - résultats
Vous n’avez pas pris ce quiz